000 00563nam a2200169Ia 4500
008 090711s9999 xx 000 0 und d
082 _b47540
100 _aघैसास दिवाकर अ.
245 _aश्रीमद् दासबोध सार
260 _c1983
300 _a320
600 _aघैसास दिवाकर अ.
630 _aश्रीमद् दासबोध सार
700 _aघैसास दिवाकर अ.
730 _aश्रीमद् दासबोध सार
942 _cBOOK
999 _c281250
_d281250